000 00470nam a2200181Ia 4500
001 8242
005 20260306160554.0
008 260306t1995||||xx |||||||||||||| ||spa||
041 _aESP
082 _a370.15
_bU61
100 _aYuste Rossell, Nazario
_eAUT
245 0 _aPsicología y educación:
_bhomenaje a la profesora Concha zorita Tomillo
260 _c1995
300 _a540 páginas :
_c24 cm.
650 _aGEN
654 _aCED
942 _cLIB
_dJUS
_fJUS
_2ddc
_n
999 _c8242
_d8242